<?xml version="1.0" encoding="UTF-8"?>
<record
    xmlns:xsi="http://www.w3.org/2001/XMLSchema-instance"
    xsi:schemaLocation="http://www.loc.gov/MARC21/slim http://www.loc.gov/standards/marcxml/schema/MARC21slim.xsd"
    xmlns="http://www.loc.gov/MARC21/slim">

  <leader>01422nam0a22002413i 4500</leader>
  <controlfield tag="001">IT\ICCU\PBE\0084281</controlfield>
  <controlfield tag="003">IT-MiSPE</controlfield>
  <controlfield tag="005">20240628095239.0</controlfield>
  <controlfield tag="008">240628b        |||||||| |||| 00| 0 eng d</controlfield>
  <datafield tag="020" ind1=" " ind2=" ">
    <subfield code="a">9788831547451</subfield>
    <subfield code="c">16.00 EUR</subfield>
  </datafield>
  <datafield tag="040" ind1=" " ind2=" ">
    <subfield code="a">IT-MiSPE</subfield>
    <subfield code="c">IT-MiSPE</subfield>
  </datafield>
  <datafield tag="082" ind1=" " ind2=" ">
    <subfield code="a">226.2-Mt* PIC ga (ppv 23337)</subfield>
  </datafield>
  <datafield tag="100" ind1=" " ind2=" ">
    <subfield code="a">Piccolo, Gaetano.</subfield>
    <subfield code="d">1973-</subfield>
    <subfield code="e">autore</subfield>
    <subfield code="9">60843</subfield>
  </datafield>
  <datafield tag="245" ind1=" " ind2=" ">
    <subfield code="a">Leggersi dentro.</subfield>
    <subfield code="b">Con il Vangelo di Matteo /</subfield>
    <subfield code="c">Gaetano Piccolo.</subfield>
  </datafield>
  <datafield tag="260" ind1=" " ind2=" ">
    <subfield code="a">Milano :</subfield>
    <subfield code="b">Paoline,</subfield>
    <subfield code="c">2016</subfield>
  </datafield>
  <datafield tag="300" ind1=" " ind2=" ">
    <subfield code="a">216 p. ;</subfield>
    <subfield code="c">20,5 cm</subfield>
  </datafield>
  <datafield tag="490" ind1=" " ind2=" ">
    <subfield code="a">Spiritualit&#xE0; del quotidiano</subfield>
    <subfield code="v">137</subfield>
  </datafield>
  <datafield tag="520" ind1=" " ind2=" ">
    <subfield code="a">Non &#xE8; facile leggersi dentro: spesso abbiamo paura di quello che possiamo incontrare.
Eppure da sempre l&#x2019;uomo &#xE8; stato incuriosito dalla possibilit&#xE0; di viaggiare nel suo profondo. Riconoscere quello che ci abita interiormente &#xE8; del resto il primo passo per crescere nella libert&#xE0;, altrimenti rischiamo di essere navi in balia di venti che non riusciamo a gestire.
Riflettendosi nella parola di Dio, il cuore umano pu&#xF2; riconoscersi, senza il timore del giudizio, ma nella gioia della verit&#xE0;; il cristiano intraprende allora questo viaggio nella ri-conoscenza di s&#xE9;, una conoscenza che &#xE8; sempre anche gratitudine.</subfield>
  </datafield>
  <datafield tag="655" ind1=" " ind2=" ">
    <subfield code="a">Sacra Scrittura. Meditazioni sul Nuovo Testamento</subfield>
    <subfield code="x">Matteo</subfield>
    <subfield code="9">60844</subfield>
  </datafield>
  <datafield tag="700" ind1=" " ind2="1">
    <subfield code="a">Piccolo, Gaetano</subfield>
    <subfield code="d">1973</subfield>
    <subfield code="e">aut.</subfield>
    <subfield code="9">60843</subfield>
  </datafield>
  <datafield tag="830" ind1=" " ind2=" ">
    <subfield code="a">Spiritualit&#xE0; del quotidiano</subfield>
    <subfield code="9">60845</subfield>
  </datafield>
  <datafield tag="942" ind1=" " ind2=" ">
    <subfield code="2">ddc</subfield>
    <subfield code="c">BK</subfield>
  </datafield>
  <datafield tag="999" ind1=" " ind2=" ">
    <subfield code="c">360162</subfield>
    <subfield code="d">360164</subfield>
  </datafield>
  <datafield tag="952" ind1=" " ind2=" ">
    <subfield code="0">0</subfield>
    <subfield code="1">0</subfield>
    <subfield code="2">ddc</subfield>
    <subfield code="4">0</subfield>
    <subfield code="6">226_000000000000000_2MT_PIC_GA_PPV_23337</subfield>
    <subfield code="7">1</subfield>
    <subfield code="a">CINISELLO</subfield>
    <subfield code="b">CINISELLO</subfield>
    <subfield code="d">2024-06-28</subfield>
    <subfield code="l">0</subfield>
    <subfield code="o">226.2-Mt* PIC ga (ppv 23337)</subfield>
    <subfield code="p">9788831547451</subfield>
    <subfield code="r">2024-06-28 09:53:14</subfield>
    <subfield code="w">2024-06-28</subfield>
    <subfield code="y">BK</subfield>
  </datafield>
</record>
